| 000 | 01330nam a2200361Ia 4500 | ||
|---|---|---|---|
| 001 | ebr10690330 | ||
| 003 | CaPaEBR | ||
| 006 | m u | ||
| 007 | cr cn||||||||| | ||
| 008 | 130418s2013 nju s 000 0 eng d | ||
| 020 | _z9781118602584 | ||
| 020 | _z9781118602560 | ||
| 040 |
_aCaPaEBR _cCaPaEBR |
||
| 035 | _a(OCoLC)841915212 | ||
| 050 | 1 | 4 |
_aLB2346 _b.K68 2013eb |
| 082 | 0 | 4 |
_a378.198 _223 |
| 100 | 1 | _aKouzes, James M. | |
| 245 | 1 | 4 |
_aThe student leadership challenge _h[electronic resource] : _bfacilitation and activity guide / _cJames M. Kouzes, Barry Posner. |
| 250 | _a3rd ed. | ||
| 260 |
_aHoboken, N.J. : _bWiley, _c2013. |
||
| 300 | _a208 p. | ||
| 490 | 1 | _aJ-B Leadership Challenge: Kouzes/Posner | |
| 533 |
_aElectronic reproduction. _bPalo Alto, Calif. : _cebrary, _d2013. _nAvailable via World Wide Web. _nAccess may be limited to ebrary affiliated libraries. |
||
| 650 | 0 | _aCollege student government. | |
| 650 | 0 | _aEducational leadership. | |
| 655 | 7 |
_aElectronic books. _2local |
|
| 700 | 1 | _aPosner, Barry Z. | |
| 700 | 1 | _aHigh, Beth. | |
| 700 | 1 | _aMorgan, Gary M. | |
| 710 | 2 | _aebrary, Inc. | |
| 830 | 0 | _aJ-B Leadership Challenge: Kouzes/Posner. | |
| 856 | 4 | 0 |
_uhttp://site.ebrary.com/lib/rucke/Doc?id=10690330 _zAn electronic book accessible through the World Wide Web; click to view |
| 999 |
_c11077 _d11077 |
||